000 00410nam a2200133Ia 4500
008 220216s9999 xx 000 0 und d
100 _aJeyasingham T
245 0 _aRubber wood is abundant and accessible: Will it ever be successfully exploited ?
260 _bRubber Research Institute of Sri Lanka. Quarterly Journal
_c1974
300 _a13-15
650 _aPulp
650 _aWood preparation
942 _cBO
999 _c48311
_d48311